| 000 | 01125pam a2200301 a 4500 | ||
|---|---|---|---|
| 999 |
_c126852 _d126852 |
||
| 001 | 3841703 | ||
| 003 | ARRUPE | ||
| 005 | 20170830115630.0 | ||
| 008 | 871001s1988 mau b 000 0 eng | ||
| 010 | _a 87029960 | ||
| 020 |
_a0936384557 (pbk.) : _c$7.95 |
||
| 040 |
_aDLC _cDLC _dDLC |
||
| 043 | _an-us--- | ||
| 050 | 0 | 0 |
_aBX5949.M3 _bG54 1988 |
| 082 | 0 | 0 |
_a265/.5 _219 |
| 100 | 1 |
_aGleason, Edward S., _d1933- _935447 |
|
| 245 | 1 | 0 |
_aRedeeming marriage / _cEdward S. Gleason. |
| 260 |
_aCambridge, Mass. : _bCowley Publications, _cc1988. |
||
| 300 |
_a157 p. ; _c22 cm. |
||
| 504 | _aBibliography: p. [155]-157. | ||
| 600 | 1 | 0 |
_aGleason, Edward S., _d1933- _935447 |
| 610 | 2 | 0 |
_aEpiscopal Church _xDoctrines. _935448 |
| 610 | 2 | 0 |
_aEpiscopal Church. _tCelebration and blessing of a marriage. _935449 |
| 650 | 0 |
_aMarriage _xReligious aspects _xEpiscopal Church. _935450 |
|
| 650 | 0 |
_aAnglican Communion _xDoctrines. _935451 |
|
| 906 |
_a7 _bcbc _corignew _d1 _eocip _f19 _gy-gencatlg |
||
| 942 |
_2lcc _cMONOGRAPH |
||